[Event "Fall Chess Classic-B 2019"]
[Site "Saint Louis"]
[Date "2019.09.11"]
[Round "2.5"]
[White "Grigoryan, Avetik"]
[Black "Petrosyan, Manuel"]
[Result "1-0"]
[WhiteElo "2568"]
[BlackElo "2613"]
[Annotator "TA"]
[PlyCount "109"]
[EventDate "2019.09.10"]
[EventType "tourn"]
[EventCountry "USA"]
[SourceTitle "playchess.com"]
[Source "ChessBase"]
[SourceQuality "1"]

{[%evp 13,109,0,0,4,41,34,46,40,33,45,71,50,45,36,55,54,62,62,56,58,55,55,66,52,47,64,60,55,171,158,164,156,154,179,171,158,145,157,186,184,164,160,178,182,187,167,179,179,164,189,151,160,143,124,251,244,236,231,230,200,383,383,359,352,478,472,442,375,598,598,591,525,1164,599,1254,703,688,624,1599,1543,29956,29962,29969,29963,29970,29971,29970,29971,29972,29967,29979,29979,29978,29979,29981,29982,29981,29982]} 1. c4 Nf6 2. Nc3 e5 3. Nf3 Nc6 4. e4 Bc5 5. Nxe5 Nxe5 6. d4 Bb4 7. dxe5 Nxe4 $1 8. Qf3 {A28: English Opening: Four Knights Variation} Qh4 (8... Nxc3 9. bxc3 Be7 10. Qg3 g6 11. Bh6 d6 12. Be2 Be6 13. Rd1 Qd7 14. exd6 cxd6 15. O-O O-O-O {1-0 (24) Carlsen,M (2835)-Giri,A (2783) St Petersburg 2018}) 9. g3 Ng5 10. Qe2 {White is slightly better.} Qe4 $146 ({Predecessor:} 10... Qd4 11. Bd2 Bxc3 12. Bxc3 Qe4 13. Qxe4 Nxe4 14. Bd4 b6 15. f3 Ng5 {½-½ (52) Kerr,S (2482)-Strautins,U (2444) ICCF email 2013}) 11. Bxg5 Qxh1 12. f3 Bxc3+ 13. bxc3 {0-0-0 is the strong threat.} b6 14. O-O-O {aiming for Bh3.} Bb7 15. Qd2 O-O 16. Bg2 $1 $36 {[%cal Rg2h1][%mdl 2048] White has the initiative.} Qxh2 17. Bh4 {[#] Black must now prevent Rh1.} Bxf3 $1 18. Bxf3 Qxd2+ 19. Rxd2 Rae8 20. Rd5 {[%mdl 1024] White has compensation.} c6 ({Black should try} 20... d6 $14) 21. Rxd7 $18 {Hoping for Be7.} Rxe5 {Strongly threatening ...g5.} 22. Be7 $1 Re8 23. Bd6 Rf5 24. Bxc6 Rf2 {[%cal Re8e1]} 25. Kd1 h5 26. Be7 $1 ({Avoid the trap} 26. Rxa7 $2 Re6 $19) 26... Rxa2 27. Rc7 Rb8 28. Bd5 $1 a5 29. c5 Ra1+ 30. Kc2 $1 bxc5 31. Bd6 Kh7 32. Bxf7 Rab1 {Threatens to win with ...R8b2+.} 33. Bxc5 ({Don't play} 33. Bxh5 $6 R1b2+ 34. Kd3 Rd8 $14) 33... R1b7 (33... R1b2+ $16 {might work better.} 34. Kd3 Rg2) 34. Rxb7 Rxb7 {[#]} 35. Bd5 $1 {[%cal Rd5b7]} Rb5 36. Be4+ Kg8 $2 {[#]} (36... g6 37. Bd6 Rb6) 37. Bd6 $1 Kf7 38. c4 Rg5 39. Bf4 Rc5 40. Kc3 Ke6 (40... a4 {was worth a try.} 41. Kb4 Rc8) 41. Kd4 Rc8 42. Bd5+ Kf5 43. Bd6 a4 44. Kc3 Rd8 45. c5 a3 46. Kb3 g5 47. Kxa3 {White mates.} h4 48. gxh4 gxh4 49. Kb4 h3 50. Kc4 Rh8 51. Bh2 Rh4+ 52. Kd3 Kf6 53. c6 {[%cal Bc5c6,Bc6c7][%mdl 32]} Ke7 54. c7 Rh8 55. Bf3 {Accuracy: White = 87%, Black = 38%.} 1-0

[Event "Fall Chess Classic-B 2019"]
[Site "Saint Louis"]
[Date "2019.09.12"]
[Round "3.1"]
[White "Petrosyan, Manuel"]
[Black "Zierk, Steven"]
[Result "1/2-1/2"]
[WhiteElo "2613"]
[BlackElo "2517"]
[Annotator "TA"]
[PlyCount "146"]
[EventDate "2019.09.10"]
[EventType "tourn"]
[EventCountry "USA"]
[SourceTitle "playchess.com"]
[Source "ChessBase"]
[SourceQuality "1"]

{[%evp 11,146,9,17,4,19,5,26,27,38,29,20,19,16,15,22,19,18,18,31,25,45,25,31,39,50,2,9,10,21,6,52,53,85,62,49,64,51,45,57,33,79,69,78,78,89,95,77,77,102,102,102,102,89,57,62,62,62,62,98,77,77,63,57,58,46,65,64,70,75,38,38,38,45,45,80,80,73,80,81,89,343,343,343,343,335,279,335,335,335,310,310,310,317,310,303,295,288,0,0,0,0,0,0,0,0,0,0,0,0,0,0,0,0,0,0,0,0,0,0,0,0,0,0,0,0,0,0,0,0,0,0,0,0,0,0,0,0]} 1. c4 e5 2. Nc3 Nf6 3. Nf3 Nc6 4. e3 Bb4 5. Qc2 Bxc3 6. Qxc3 Qe7 7. d4 {With the idea d5. A28: English Opening: Four Knights Variation} (7. a3 d5 8. b4 d4 9. Qc2 Bg4 10. b5 Nd8 11. Bb2 c5 12. O-O-O O-O 13. Re1 Qc7 14. Bd3 a6 15. exd4 exd4 {½-½ (47) Caruana,F (2818)-Aronian,L (2765) Saint Louis 2019}) 7... exd4 8. Nxd4 Nxd4 9. Qxd4 {White has an edge.} c5 10. Qh4 d5 11. cxd5 Nxd5 12. Qxe7+ Kxe7 13. a3 Be6 $146 ({Predecessor:} 13... b6 14. Bd2 Bb7 {1-0 (54) Hoffman,R (1987)-Koster,P (1764) Vlissingen 2019}) 14. e4 Nf6 15. f3 Bb3 16. Be3 Nd7 17. Rc1 Rac8 18. Bc4 Bxc4 19. Rxc4 b5 20. Rc2 a5 21. Ke2 $36 {[%mdl 2048] White has some pressure.} Rc6 22. Rd1 a4 23. Rd5 {[%cal Re3c5]} Rhc8 24. g4 b4 25. g5 bxa3 26. bxa3 Rb8 27. Rc4 ({Of course not} 27. Bxc5+ Ke8 $15) 27... Rb2+ 28. Rd2 Rxd2+ 29. Kxd2 $16 {[%mdl 4096] Endgame KRB-KRN} Ne5 30. Rxc5 Kd6 {[#]} 31. Rd5+ $1 Ke6 32. f4 Nc4+ 33. Kd3 Nxe3 34. Kxe3 $14 {KR-KR} Rc2 35. f5+ Ke7 36. Rd4 Rc3+ 37. Rd3 Rc2 38. h3 f6 $1 39. gxf6+ gxf6 40. Kf4 Rc4 41. Re3 Kf7 42. Kg4 Rd4 43. Kh5 Kg7 44. h4 Rc4 45. Rg3+ Kf8 $2 {[%mdl 8192]} (45... Kh8 $16 {might work better.}) 46. Kh6 $18 Rxe4 {[%cal Re4h4]} 47. Kxh7 Rxh4+ 48. Kg6 Rc4 49. Rd3 ({But not} 49. Kxf6 $6 Rc7 $18) 49... Ke7 50. Re3+ Kf8 51. Kxf6 Rc7 52. Re4 Rf7+ 53. Kg5 Rg7+ {[#]} 54. Kf4 $2 (54. Kh6 $1 $18 {Re8+ would kill now.} Ra7 55. Rh4) 54... Rh7 $11 {The position is equal.} 55. Re3 {Black must now prevent Rc3.} Rb7 56. Re4 Rh7 57. Kg4 Rg7+ $1 58. Kf3 Rf7 59. Rf4 {Hoping for Kg4.} Ke7 60. Re4+ Kf8 61. Rf4 {Strongly threatening Kg4.} Ke7 62. Ke4 {And now Ke5 would win.} Kf6 63. Kd5 Ra7 64. Kc6 Ke5 65. Rf3 (65. Rf2 {seems wilder.} Rf7 66. Re2+ Kd4 67. Kb5 Rxf5+ 68. Kb4) 65... Rf7 66. Re3+ Kd4 67. Rh3 (67. Rf3 {is interesting.} Ke5) 67... Rxf5 68. Rh4+ Kc3 69. Rxa4 Kb3 70. Ra8 Rf4 71. Kc5 Ra4 72. Rxa4 Kxa4 73. Kd6 Kxa3 {Accuracy: White = 74%, Black = 75%.} 1/2-1/2

[Event "Fall Chess Classic-B 2019"]
[Site "Saint Louis"]
[Date "2019.09.12"]
[Round "3.2"]
[White "Shtembuliak, Evgeny"]
[Black "Grigoryan, Avetik"]
[Result "1-0"]
[WhiteElo "2548"]
[BlackElo "2568"]
[Annotator "TA"]
[PlyCount "69"]
[EventDate "2019.09.10"]
[EventType "tourn"]
[EventCountry "USA"]
[SourceTitle "playchess.com"]
[Source "ChessBase"]
[SourceQuality "1"]

{[%evp 15,69,38,33,41,57,17,41,50,63,0,-9,0,0,0,0,-7,5,0,5,-10,0,0,0,-12,0,-9,-19,-12,0,0,0,0,14,0,0,-32,-8,-7,-13,-159,107,92,127,141,216,215,237,229,125,16,22,0,5389,401,1618,1583]} 1. d4 Nf6 2. c4 c5 3. d5 e6 4. Nc3 exd5 5. cxd5 d6 6. Nf3 g6 7. Bf4 a6 8. e4 b5 9. Be2 {A70: Modern Benoni: 6 e4 g6 7 Nf3} (9. Bd3 Bg7 10. O-O Bg4 11. Re1 O-O 12. h3 Bxf3 13. Qxf3 Ne8 14. a3 Nd7 15. Bf1 Ne5 16. Qd1 Qe7 {1-0 (59) Bacrot,E (2718)-Wojtaszek,R (2744) Beijing 2014}) 9... Bg7 10. O-O O-O 11. e5 {White is slightly better.} Nh5 12. Be3 $146 ({White should play} 12. Bg5 $14 f6 13. Bh4) ({Predecessor:} 12. Bg5 f6 13. exf6 Nxf6 14. a4 b4 15. Ne4 Bf5 16. Bd3 Bxe4 17. Bxe4 {1-0 (38) Magalhaes,M (1895)-Martin,D (1741) IECC email 2012}) 12... dxe5 $11 13. Bxc5 Re8 14. Nd2 Nd7 15. Be3 Nhf6 16. Qb3 Nb6 {[%cal Rb6d5]} 17. Bf3 Bf5 {And now ...e4 would win.} 18. Nde4 Nxe4 (18... Nfxd5 $2 19. Rfd1 $18) 19. Bxe4 (19. Nxe4 {is more complex.} Nc4 20. d6 Rb8 21. Rfd1 Bxe4 22. Bxe4 Qd7 23. Rac1) 19... Bxe4 20. Bxb6 $1 Qxb6 21. Nxe4 Qd4 $36 {[%mdl 2048] Black has the initiative.} 22. Rfe1 Red8 23. Rad1 Qc4 24. Qf3 Qxa2 25. d6 f5 26. Nc5 e4 ({Of course not} 26... Qxb2 $6 27. Qd5+ Kh8 28. d7 $16) 27. Qg3 (27. Qe3 $11) 27... Rac8 $2 ({Much weaker is} 27... Bxb2 $6 28. d7 $11) (27... Qc4 $1 $17 {[%cal Rc4c5] keeps the pressure on.} 28. b4 Bd4) 28. b4 $16 {[%mdl 1024] White has strong compensation.} Qf7 29. d7 Rc6 (29... Ra8 $16 30. Qc7 Qc4) 30. Rd6 $1 $18 {[%cal Rd6c6]} f4 {[#]} 31. Qg5 $1 {[%cal Rg5d8]} Bf6 {[#]} 32. Qxf4 (32. Rxf6 $1 $16 Qxf6 33. Qd5+ {[%mdl 64] Double Attack} Kg7 34. Nb7) 32... Bc3 $1 $11 33. Qh4 Bxe1 $4 {[%mdl 8192]} (33... Rxd6 $11 34. Qxd8+ Kg7) 34. Rxc6 (34. Qxd8+ $142 Kg7 35. Ne6+ Qxe6 36. Rxe6 Rxe6 37. Qb8 Bxf2+ {[%mdl 64] Remove Defender} 38. Kxf2 Rf6+ 39. Ke2) 34... Rf8 {[#]} (34... Rxd7 $142 35. Nxd7 (35. Rc8+ Kg7 $18) 35... Qxd7 36. Qxe4 (36. Rxa6 Qd5 $18) 36... Bxb4) 35. Rf6 $1 {[%mdl 512] Accuracy: White = 50%, Black = 41%.} 1-0

[Event "Fall Chess Classic-B 2019"]
[Site "Saint Louis"]
[Date "2019.09.12"]
[Round "3.3"]
[White "Hakobyan, Aram"]
[Black "Fier, Alexandr"]
[Result "0-1"]
[WhiteElo "2550"]
[BlackElo "2549"]
[Annotator "TA"]
[PlyCount "146"]
[EventDate "2019.09.10"]
[EventType "tourn"]
[EventCountry "USA"]
[SourceTitle "playchess.com"]
[Source "ChessBase"]
[SourceQuality "1"]

{[%evp 10,146,56,42,55,27,40,37,45,23,14,0,0,0,88,-4,30,0,0,13,11,8,50,-53,-52,-66,-27,-200,-126,-151,-77,-152,-79,-115,-100,-101,-97,-108,-37,-46,-29,-144,-72,-63,-44,-74,-97,-217,-218,-383,-200,-544,-532,-524,-250,-537,-225,-227,-253,-237,-242,-221,-247,-245,-247,-250,-250,-252,-247,-243,-188,-291,-182,-177,-183,-184,-168,-253,-95,-95,-95,-102,-95,-102,-66,-66,-65,-65,-18,-25,-22,-147,-139,-147,-112,-109,-110,-111,-100,-135,-47,-59,-46,-80,-12,-241,-233,-237,-238,-376,-408,-372,-214,-247,0,-1362,-1436,-1406,-1340,-4425,-4065,-3284,-840,-2758,-2183,-1743,-1236,-10496,-6127,-5674,-5600,-29978,-29978,-29978,-29978,-29976,-29978,-29979,-29980]} 1. d4 Nf6 2. c4 c5 3. d5 g6 4. Nc3 Bg7 5. e4 O-O 6. Bd3 e6 {E70: King's Indian: Miscellaneous lines with 4 e4, including 5 Nge2 and 5 Bd3 0-0 6 Nge2} 7. h3 exd5 8. exd5 Re8+ {White is slightly better.} 9. Nge2 (9. Be3 {with more complications.} d6 10. Nf3 a6 11. O-O b5 12. cxb5 axb5 13. Bxb5 Bd7 14. a4) 9... d6 10. O-O Nfd7 11. f4 Na6 (11... f5 $1 $11 {remains equal.}) 12. a3 $146 (12. f5 $1 $16) ({Predecessor:} 12. Bd2 Nc7 13. Ne4 Nb6 14. N2c3 f5 15. Ng5 Bd7 16. Qc2 Bd4+ 17. Kh1 Be3 {½-½ (58) Pozo Vera,S (2461)-Leon Hoyos,M (2565) Barcelona 2011}) 12... Nc7 13. Ne4 Nf6 14. Nxf6+ Qxf6 15. f5 Qe7 16. Ng3 (16. Nc3 $14) 16... b5 $1 $15 {[%cal Bb7b5,Bb5c4][%mdl 32]} 17. Qf3 bxc4 $1 18. Bc2 $2 (18. Bxc4 $11 Qh4 19. Qf4 (19. fxg6 fxg6 20. Bf4 Bxb2 $15) 19... Qxf4 20. Bxf4) 18... Be5 19. Kh1 Bd7 (19... Rb8 $142 {White must now prevent ...Ba6.} 20. Rb1 a6 21. fxg6 hxg6) 20. a4 (20. Bf4 $142) 20... Kh8 ({Better is} 20... Rab8 21. Rb1 Rb4) 21. Ra3 Qh4 22. Ne4 Bxf5 $40 {[%mdl 128] And now ...f6 would win. Black attacks with force.} 23. Ng5 Bxc2 (23... f6 $17 24. Nf7+ Kg7 25. Bxf5 Kxf7) 24. Nxf7+ Kg7 25. Nxe5 (25. Bg5 $1 $11 Be4 26. Bxh4 Bxf3 27. Raxf3 Nxd5 28. Nxe5 Rxe5 29. Bg3) 25... Rf8 (25... dxe5 $6 26. Qf7+ Kh8 27. Qxc7 $11) (25... Rxe5 $142 26. Qf7+ Kh8 27. Qxc7 Re1) 26. Nf7 $17 Bf5 $1 27. Bg5 Qd4 {[%mdl 64] Double Attack} 28. Nh6 (28. Rd1 $17 {was necessary.} Bg4 29. hxg4 Rxf7 30. Rxd4 Rxf3 31. Rxf3 cxd4 32. Rf4) 28... Nxd5 $19 29. Raa1 $2 (29. Rd1 Bd3 30. Raxd3 cxd3 31. Qxd3 Qxd3 32. Rxd3) 29... Qd3 (29... Bd3 $142 30. Nf7 Be4) 30. Qf2 $2 (30. Rae1) 30... Be4 31. Nf7 {aiming for Bh6+.} Qxh3+ $1 32. Kg1 {[#]} Qxg2+ (32... Bxg2 $142 $1 33. Qxg2 Qxg2+ 34. Kxg2 Rxf7 35. Bh6+ Kg8) 33. Qxg2 Bxg2 34. Bh6+ Kg8 35. Bxf8 Bxf1 (35... Kxf8 36. Rf2 $14) 36. Bxd6 Kxf7 37. Rxf1+ {[%mdl 4096] Endgame KRB-KRN} Ke6 38. Bxc5 a5 39. Re1+ Kd7 40. Re5 (40. Re4 $142) 40... Kc6 41. Ba3 Rd8 42. Kf2 Rd7 43. Kg3 (43. Re6+ $142 Kb7 44. Re5) 43... Kb6 $2 (43... Rb7 $19 {has better winning chances.} 44. Re6+ Kc7) 44. Re6+ $17 Kb7 {Hoping for ...c3.} 45. Re5 Ka6 {...c3 is the strong threat.} 46. Re6+ Nb6 47. Bc5 Rd3+ $1 48. Kf4 Rb3 (48... g5+ $5 49. Kg4 Rb3 $17) 49. Bd4 Kb7 50. Re7+ (50. Ke5 $1 $11 {keeps the balance.}) 50... Kc6 {Threatens to win with ...Nd5+.} 51. Rxh7 Nxa4 52. Ra7 Rb5 53. Rg7 {[#]} g5+ $1 54. Ke4 {[#]} (54. Rxg5 Rxg5) 54... Kd6 ({Much worse is} 54... Nxb2 $6 55. Rg6+ Kd7 56. Rg7+ Ke6 57. Rg6+ Kf7 58. Rg7+ Ke8 59. Rg8+ Kf7 60. Rg7+ Kf8 61. Bxb2 $11) (54... Nc5+ $1 $17 55. Bxc5 Rxc5) 55. Rg6+ $15 Kd7 56. Bc3 Ke8 ({But not} 56... Nxb2 57. Rg7+ Kc6 58. Rg6+ Kb7 59. Rg7+ Kc6 60. Rg6+ Kc7 61. Rg7+ Kc8 62. Rg8+ Kb7 63. Rg7+ Kb8 64. Rg8+ Ka7 65. Rg7+ Kb8 66. Rg8+ Kc7 67. Rg7+ Kd6 68. Rg6+ Ke7 69. Rg7+ Ke6 70. Rg6+ Ke7 71. Rg7+ Kd8 72. Rg8+ Ke7 73. Rg7+ $11) (56... Nxc3+ $17 57. bxc3 Ke7) 57. Kd4 $2 (57. Rg7 $11 {and White has nothing to worry.}) 57... Kf7 $19 ({Don't do} 57... Nxb2 58. Ra6 $17) 58. Rc6 Nxb2 59. Ra6 (59. Ke4 $142) 59... a4 60. Ke4 Nd1 (60... Rb3 $142 61. Bxb2 Rxb2 62. Rxa4 Rf2) 61. Bd4 Nb2 $2 (61... Rb4 $19 {Strongly threatening ...c3.} 62. Bc5 Rb7) 62. Bxb2 $2 {[%mdl 8192]} (62. Bc3 $11 Nd1 63. Bd4) 62... Rxb2 63. Rxa4 $11 {KR-KR} Rf2 64. Ke3 Rf4 65. Ra6 Rf6 66. Ra8 Kg6 67. Rh8 Rf4 68. Rh1 Kf5 69. Ra1 Re4+ 70. Kf3 g4+ {Black mates.} 71. Kf2 Kf4 72. Ra3 Ke5 73. Kg3 Kd4 {Accuracy: White = 31%, Black = 52%.} 0-1

[Event "Fall Chess Classic-B 2019"]
[Site "Saint Louis"]
[Date "2019.09.12"]
[Round "3.4"]
[White "Quesada Perez, Yasser"]
[Black "Hambleton, Aman"]
[Result "1-0"]
[WhiteElo "2572"]
[BlackElo "2492"]
[Annotator "TA"]
[PlyCount "47"]
[EventDate "2019.09.10"]
[EventType "tourn"]
[EventCountry "USA"]
[SourceTitle "playchess.com"]
[Source "ChessBase"]
[SourceQuality "1"]

{[%evp 12,47,17,18,22,18,21,18,35,36,34,1,17,12,28,12,39,0,29,-6,52,60,57,46,150,89,208,129,162,163,489,470,899,891,1695,1684,1482,1433]} 1. e4 c5 2. Nf3 e6 3. Nc3 Nc6 4. Bb5 Nge7 5. d4 cxd4 6. Nxd4 Nxd4 7. Qxd4 a6 {B30: Sicilian: 2...Nc6 3 Bb5, lines without ...g6} 8. Bd3 Nc6 9. Qe3 Qc7 {The position is equal.} (9... g6 10. O-O Bg7 11. Qh3 h5 12. f4 d6 13. Be3 d5 14. Bf2 d4 15. Ne2 {½-½ (31) Moussard,J (2566)-Vetoshko,V (2525) Barcelona 2018}) 10. f4 $146 ({Predecessor:} 10. O-O b5 11. Qh3 Bb7 12. f4 Bc5+ 13. Kh1 O-O-O 14. f5 Rde8 15. Bf4 d6 16. Rad1 Nd4 17. b4 Ba7 18. Bd2 {½-½ (63) Maier,C (2387)-Bugajski,R (2218) Warsaw 2005}) 10... Be7 11. Qh3 b5 12. O-O Bb7 13. Be3 Na5 14. Rad1 {[%cal Ba1d1,Bd1d3,Bd3d7][%mdl 32]} Nc4 15. Bc1 Bc5+ (15... g6 $11) 16. Kh1 $14 Bd4 17. Be2 $36 {[%mdl 2048] White has some pressure.} Ba7 {[#]} (17... Bf6 $1 $14) 18. a3 ({White should play} 18. f5 $1) 18... Rc8 (18... Qc5 $16 {is a better defense.}) 19. Rd3 Nd6 20. Bf3 f5 $2 (20... O-O) 21. Rfd1 $18 {White is clearly winning.} Nxe4 (21... O-O $142 22. Rxd6 Rcd8 23. exf5 Bc5) 22. Nxe4 {[#] Qh5+ would kill now.} Bxe4 23. Bh5+ Kf8 24. Rxd7 {Accuracy: White = 68%, Black = 24%.} 1-0

[Event "Fall Chess Classic-B 2019"]
[Site "Saint Louis"]
[Date "2019.09.12"]
[Round "3.5"]
[White "Kadric, Denis"]
[Black "Mikhalevski, Victor"]
[Result "1/2-1/2"]
[WhiteElo "2558"]
[BlackElo "2578"]
[Annotator "TA"]
[PlyCount "82"]
[EventDate "2019.09.10"]
[EventType "tourn"]
[EventCountry "USA"]
[SourceTitle "playchess.com"]
[Source "ChessBase"]
[SourceQuality "1"]

{[%evp 12,82,7,7,16,10,12,10,18,11,17,15,12,0,0,0,0,0,0,-10,-7,-33,-37,-26,-33,-42,-31,-69,0,-30,-46,-50,-25,-88,-87,-83,-83,-79,-83,-83,-33,-26,-33,-27,-35,-25,-30,-26,-32,-29,-29,-28,-29,-60,-60,-60,-52,-74,-70,-108,-8,-17,-17,-17,0,0,0,0,0,-8,0,0,0]} 1. e4 e5 2. Nf3 Nc6 3. Bc4 Bc5 4. O-O Nf6 5. d3 O-O 6. Re1 d6 7. c3 Bb6 {C54: Giuoco Piano: 4 c3 Nf6, main lines with 5 d4 and 5 d3} (7... a5 8. h3 h6 9. Nbd2 Be6 10. Bb5 Qb8 11. Bxc6 bxc6 12. d4 exd4 13. cxd4 Bb4 14. a3 Bxd2 15. Nxd2 {½-½ (43) Giri,A (2797)-Ding,L (2809) Shenzhen 2019}) 8. a4 a5 9. Nbd2 Ne7 {[%cal Bc6e7,Be7g6,Bg6f4][%mdl 32]} 10. Bb3 c6 11. h3 Ng6 12. d4 exd4 $146 ({Predecessor:} 12... Re8 13. dxe5 Nxe5 14. Nxe5 dxe5 15. Qe2 {½-½ (56) Kjartansson,G (2446)-Haessel,D (2212) Reykjavik 2016}) 13. cxd4 d5 14. e5 Nh5 15. Nf1 Nhf4 16. Bxf4 Nxf4 17. Qd2 Ne6 18. Bc2 f6 {...fxe5 is the strong threat.} 19. Bf5 fxe5 (19... Ng5 $1 $15 20. Nxg5 Bxf5) 20. Bxe6+ (20. Rxe5 {is interesting.} Qf6 21. Rae1 Ng5 22. Nxg5 Bxf5 23. Ng3) 20... Bxe6 21. Nxe5 Qh4 22. Nxc6 (22. Nh2 $11) 22... bxc6 $17 23. Rxe6 Qxd4 24. Qxd4 Bxd4 25. Ne3 Rab8 26. Rxc6 Rxb2 27. Rd1 Bxe3 28. fxe3 $11 {[%mdl 4096] Endgame KRR-KRR} Rff2 29. Rc8+ Kf7 30. Rf1 $1 {[%cal Rf1f2]} Rxf1+ 31. Kxf1 {KR-KR} Ra2 32. Rc5 Rxa4 33. Rxd5 Ra2 34. Rd7+ Kg6 35. Ra7 h5 (35... a4 $17 36. g4 a3 37. Ra6+ Kg5 38. Ra5+ Kf6) 36. e4 {The position is equal.} h4 {With the idea ...a4.} 37. e5 $1 Kf5 {[#] White must now prevent ...g5.} 38. Rxg7 a4 39. Rg4 a3 {aiming for ...Rd2.} 40. Ra4 $1 Kxe5 {Strongly threatening ...Ra1+.} 41. Kg1 $1 Ra1+ {Accuracy: White = 60%, Black = 68%.} 1/2-1/2

[Event "Fall Chess Classic-B 2019"]
[Site "Saint Louis"]
[Date "2019.09.13"]
[Round "4.1"]
[White "Zierk, Steven"]
[Black "Mikhalevski, Victor"]
[Result "0-1"]
[WhiteElo "2517"]
[BlackElo "2578"]
[Annotator "TA"]
[PlyCount "92"]
[EventDate "2019.09.10"]
[EventType "tourn"]
[EventCountry "USA"]
[SourceTitle "playchess.com"]
[Source "ChessBase"]
[SourceQuality "1"]

{[%evp 17,116,0,8,0,0,0,0,0,15,0,23,35,39,53,52,28,31,20,34,25,41,45,42,42,42,46,39,39,32,32,33,41,37,27,33,8,8,5,12,8,6,0,0,0,0,0,0,0,0,-18,0,-18,-18,-22,0,0,0,-119,-115,-137,-151,-151,-151,-151,-150,-138,-120,-143,-35,-197,-197,-295,-294,-421,-439,-384,-331,-581,-477,-410,-486,-461,-453,-426,-414,-592,-592,-592,-592,-592,-584,-1553,-1365,-4627,-4627,-29966,-4627,-4627,-4627,-4622,-4606]} 1. e4 e5 2. Nf3 Nc6 3. Bc4 Bc5 4. c3 Nf6 5. d4 exd4 6. e5 d5 7. Bb5 Ne4 8. cxd4 Bb6 9. Nc3 O-O 10. Be3 {C54: Giuoco Piano: 4 c3 Nf6, main lines with 5 d4 and 5 d3} Bg4 11. h3 Bh5 12. Qc2 {The position is equal.} Bg6 {And now ...Nxc3 would win.} 13. Qe2 $146 ({Predecessor:} 13. Qb3 Ne7 14. O-O c6 15. Bd3 Nf5 16. Rfe1 Ba5 17. Rad1 Bxc3 18. bxc3 {½-½ (54) Sevian,S (2642)-So,W (2762) Saint Louis 2019}) 13... Nxc3 14. bxc3 f6 15. Bxc6 bxc6 16. exf6 Qxf6 17. Ne5 $1 c5 18. O-O Qd6 19. Nxg6 hxg6 20. dxc5 Bxc5 21. Bxc5 Qxc5 22. Qe6+ Kh7 23. Rad1 Rf5 24. Rd4 Raf8 25. Rh4+ (25. Qe3 {is more complex.} Qc6 26. Qg3 R8f6 27. Qd3 Qc5 28. Qe3) 25... Rh5 26. Rxh5+ gxh5 $14 {[%mdl 4096] Endgame KQR-KQR} 27. Qe5 h4 28. Qg5 Kg8 29. Qd2 Re8 30. Rb1 a5 31. Qd3 c6 32. Kf1 Qd6 33. Kg1 Qf4 34. a3 Qe4 35. Qd1 $1 Qe2 36. Qd4 Re4 37. Qa7 (37. Qc5 $1 $11 {was the only way to keep the balance.}) 37... Qc2 $1 $36 {[%cal Rc2b1][%mdl 2048] White is under strong pressure.} 38. Rb8+ Kh7 39. Qf7 {[%cal Rf7h5]} Qc1+ {[%mdl 64] Double Attack} 40. Kh2 {Threatening mate with Qf5+.} Qf4+ 41. Qxf4 Rxf4 {KR-KR} 42. Ra8 a4 ({Of course not} 42... Rxf2 $6 43. Rxa5 Rd2 44. Rc5 $11) (42... Rc4 $17 43. Rxa5 Rxc3) 43. Re8 $2 (43. Kg1 $1 $15) 43... Rxf2 $19 44. c4 (44. Rc8 {keeps fighting.}) 44... d4 ({Don't do} 44... dxc4 45. Re4 $17) 45. c5 (45. Re4 $142 c5 46. Rxh4+ Kg6 47. Kg3) 45... Kg6 46. Re4 d3 {Played: Rf2-d2} 0-1

[Event "Fall Chess Classic-B 2019"]
[Site "Saint Louis"]
[Date "2019.09.13"]
[Round "4.2"]
[White "Hambleton, Aman"]
[Black "Kadric, Denis"]
[Result "0-1"]
[WhiteElo "2492"]
[BlackElo "2558"]
[Annotator "TA"]
[PlyCount "78"]
[EventDate "2019.09.10"]
[EventType "tourn"]
[EventCountry "USA"]
[SourceTitle "playchess.com"]
[Source "ChessBase"]
[SourceQuality "1"]

{[%evp 10,78,12,0,0,0,0,-28,-23,-31,-32,-21,-19,-32,-28,-18,-24,-20,-19,-47,0,-48,0,-47,-26,-35,-16,-30,-6,-49,0,-59,29,0,0,-28,18,-76,-20,-25,-33,-47,-36,-45,-33,-38,0,0,0,-141,-48,-288,-206,-185,-207,-185,-161,-224,-221,-216,-223,-283,-216,-193,-185,-143,-148,-429,-414,-604,-564]} 1. c4 e5 2. g3 d6 3. Bg2 Be7 4. Nc3 f5 5. d3 Nf6 6. e4 fxe4 {A21: English Opening: 1...e5 2 Nc3} (6... Nc6 7. Nge2 O-O 8. O-O Qe8 9. Nd5 Bd8 10. b3 Qh5 11. Nec3 Qxd1 12. Rxd1 Nd4 13. exf5 {½-½ (13) Bok,B (2645)-L'Ami,E (2633) Amsterdam 2019}) 7. dxe4 c6 8. Nge2 O-O {Black has an edge.} 9. h3 a6 10. a4 a5 11. O-O Be6 12. b3 $1 Na6 13. Be3 Nd7 14. f4 Ndc5 $146 ({Predecessor:} 14... Kh8 15. Ra2 {1-0 (29) Cubas,J (2506)-Viana,D (2173) Florianopolis 2019}) 15. Rb1 Bf7 16. Qd2 exf4 17. gxf4 Qc7 18. Ng3 Rad8 19. Kh2 Rfe8 20. Bf3 (20. Nce2 $11) 20... Bf8 (20... Bf6 $15) 21. Rg1 Kh8 22. Qg2 Bg6 23. Rbe1 (23. Kh1 $11) 23... d5 (23... Nxb3 $17 24. Rb1 Nbc5) 24. cxd5 $11 Nd3 {[%mdl 64] Double Attack} 25. e5 {Black must now prevent Ref1.} Bb4 26. Rc1 Nxc1 27. Rxc1 Nc5 28. d6 Qf7 $36 {[%mdl 2048] And now ...Nd3 would win. White is under pressure.} 29. Bxc5 (29. Be4 $1 $11 {keeps the balance.}) 29... Bxc5 ({Better is} 29... Qxf4 $17 30. Nce2 Qxe5) 30. Nd1 $2 ({White should play} 30. Qd2 $15) 30... Ba3 31. Rc4 {[#]} b5 $1 {[%cal Rb5c4]} 32. axb5 cxb5 33. Bd5 (33. Rd4 $142) 33... Qf8 $19 34. Rd4 Bc5 35. Qd2 Bxd4 36. Qxd4 {[#]} Rxd6 $1 {[%mdl 512]} 37. exd6 Qxd6 38. Nc3 $2 {[%mdl 8192]} (38. h4 $17) 38... Rd8 39. Qf2 (39. Qe3 $142 b4 40. Nge2) 39... b4 {Accuracy: White = 27%, Black = 53%.} 0-1